000 00588nam a22001817a 4500
005 20251108165805.0
008 250721s1991 xx 000 0 ara d
082 1 4 _aم/418.2/مرز
100 1 _aإبن المرزبان، أبو منصور محمد بن سهل
245 1 0 _aكتاب الألفاظ :
_bالكتابة و التعبير /
264 1 _aعمان :
_bدار البشير،
_c1991.
300 _a221ص
650 1 7 _aاللغة العربية
650 1 7 _aالتعبير
700 1 _aقنيبي، حامد صادق
_eتحقيق
942 _2ddc
_cREF
999 _c31386
_d31386